كتاب المذكر والمؤنث / (رقم التسجيلة. 12387)

تفاصيل مارك
000 -الفاتح
حقل البيانات ثابتة الطول 01220cam a2200277 a 4500
003 - محدد رقم الضبط
رقم الضبط SA-RiAUC
005 - وقت وتاريخ اخر تعامل مع التسجيلة
رقم الضبط 20150408113903.0
008 - عناصر البيانات ثابتة الطول - معلومات عامة
حقل البيانات ثابتة الطول 090220s1996 ua g 000 0 ara c
040 ## - مصدر الفهرسة
وكالة الفهرسة الأصلية KULIB
لغة الفهرسة ara
وكالة النسخ SA-RiAUC
082 ## - رقم تصنيف ديوى العشرى
رقم التصنيف 415.1 م ا ك
082 04 - رقم تصنيف ديوى العشرى
رقم التصنيف 415.1 م ا ك
رقم الطبعة 21
090 ## - رقم الضبط المحلى
رقم تصنيف (OCLC) (R) ;رقم تصنيف, CALL (RLIN) (NR) 415.1 م ا ك
كتر محلي OCLC رقم كتاب / رقم طلب غير مقسم,رقم RLIN( غير مكرر) مب. مذ
100 1# - المدخل الرئيسى - إسم شخصى
الإسم الشخصى المبرد، محمد بن يزيد بن عبد الأكبر،
التواريخ المصاحبة للاسم 210-286 هـ.
9 (RLIN) 1886
245 10 - بيان العنوان
العنوان كتاب المذكر والمؤنث /
بيان المسئوليه,etc تأليف أبي العباس محمد بن يزيد المبرد ؛ تحقيق رمضان عبد التواب، صلاح الدين الهادي.
246 30 - العنوان الموازى
عنوان صحيح/عنوان مختصر المذكر والمؤنث
250 ## - بيان الطبعة
بيان الطبعة ط. 2، مزيدة ومنقحة.
260 ## - PUBLICATION, DISTRIBUTION, ETC. (IMPRINT)
مكان الناشر او الموزع القاهرة :
اسم الناشر او الموزع مكتبة الخانجي،
تاريخ النشر أو التوزيع 1996
300 ## - الوصف المادى
التعداد 150 ص. ؛
أبعاد الوعاء 24 سم.
440 #0 - بيان السلسلة/مدخل إضافى-العنوان
العنوان سلسلة روائع التراث اللغوي
رقم المجلد/ التعيين التسلسلي 9
9 (RLIN) 1887
650 #7 - المدخل الاضافى بالموضوع-مصطلح موضوعى
مصطلح موضوعي أو اسم جغرافي كعنصر مدخل اللغة العربية
التقسيم الفرعي العام نحو
مصدر الرأس أو المصطلح aucsh
700 1# - المدخل الاضافى - اسم شخصى
الإسم الشخصى عبد التواب، رمضان،
التواريخ المصاحبة للاسم 1930-
الدور محقق.
9 (RLIN) 1888
700 1# - المدخل الاضافى - اسم شخصى
الإسم الشخصى الهادي، صلاح الدين محمد
الدور محقق.
9 (RLIN) 1889
942 ## - عناصر المدخل الإضافي( كوها)
مصدر التصنيف او مخطط الترفيف Dewey Decimal Classification
Koha [default] item type كتاب
949 ## - معلومات معالجة محلية(OCLC)
a KULIB
d 20 / 02 / 2009
i 127802
n 2
u system.
949 ## - معلومات معالجة محلية(OCLC)
a ARUC
n 1
d 2011/7/31
u training
المقتنيات
حالة الفقد نموذج السعر الفعال حالة تلف ليس للاعارة رقم الطلب تاريخ الاكتساب الموقع الحالي الباركود الفرع الرئيسي Date last seen نوع المادة فى نظام كوها مصدر التصنيف او خطة الترفيف Total Checkouts رقم النسخة
  2013-03-27   Not For Loan 415.1 م ا ك 2013-03-27 المكتبة المركزية بالمجمعة (CL) 00204329 المكتبة المركزية بالمجمعة (CL) 2013-03-27 كتاب Dewey Decimal Classification   1
  2013-03-27     415.1 م ا ك 2013-03-27 المكتبة المركزية بالمجمعة (CL) 00204330 المكتبة المركزية بالمجمعة (CL) 2013-03-27 كتاب Dewey Decimal Classification   2
  2013-03-27     415.1 م ا ك 2013-03-27 المكتبة المركزية بالمجمعة (CL) 00204331 المكتبة المركزية بالمجمعة (CL) 2013-03-27 كتاب Dewey Decimal Classification   3
  2013-03-10     415.1 م ا ك 2011-08-02 مكتبة مجمع الطالبات بالمجمعة (EMF) 00022833 مكتبة مجمع الطالبات بالمجمعة (EMF) 2013-03-10 كتاب Dewey Decimal Classification    
  2013-03-10     415.1 م ا ك 2011-08-07 مكتبة مجمع الطالبات بالمجمعة (EMF) 00022879 مكتبة مجمع الطالبات بالمجمعة (EMF) 2013-03-10 كتاب Dewey Decimal Classification    
  2013-03-24   Not For Loan 415.1 م ا ك 2013-03-24 مكتبة مجمع الكليات بالزلفى - طلاب (SZM) 00202939 مكتبة مجمع الكليات بالزلفى - طلاب (SZM) 2013-03-24 كتاب Dewey Decimal Classification   1
  2013-03-24     415.1 م ا ك 2013-03-24 مكتبة مجمع الكليات بالزلفى - طلاب (SZM) 00202938 مكتبة مجمع الكليات بالزلفى - طلاب (SZM) 2013-03-24 كتاب Dewey Decimal Classification   2